Statistics for Famous Koreans

Click here to take the quiz!

General Stats

  • This quiz has been taken 244 times
  • The average score is 5 of 13

Answer Stats

HintAnswer% Correct
"Gangnam Style" singerPsy
95%
Current North Korean dictatorKim Jong-un
74%
North Korean dictator 1994-2011Kim Jong-il
64%
North Korean dictator (†1994)Kim il-sung
52%
Manchester United playerPark Ji-sung
41%
UN General SecretaryBan Ki-Moon
38%
Fourth king of the Joseon-dynasty depicted in Civilization 5Sejong
30%
Director of "Memories of Murder" and "Snowpiercer"Bong Joon-ho
24%
"Sunshine" president and Nobel Peace LaureateKim Dae-jung
16%
"Oldboy" directorPark Chan-wook
16%
He is Kumar's Harold and Star Trek's SuluJohn Cho
14%
Founder of the Unification Church and media mogulSun Myung-Moon
11%
American chef and one of Time's Top 100 of Korean descentDavid Chang
1%

Score Distribution

Percentile by Number Answered

Percent of People with Each Score

Your Score History

You have not taken this quiz